00423nam a2200133 a 450000100100000000500170001000800410002704000250006808200170009310000380011024500540014826000660020230000210026800004911420220328111526.0190719s1987 dr r 000 0 spa d aDO-SdBNPbspacBNPHU axxxxbP421Ll1 aPepén, Juan F. q (Juan Felix)10aLlamada a la salvación /cJuan Félix Pepén. aSanto Domingo :bUniversidad Católica Santo Domingo,c1987. a153 p. ;c21 cm.